01606nam a2200325 i 4500001001000000003000900010005001700019007000300036008004100039040003000080041000800110082003000118245015100148250002200299264004400321300005500365336002700420337003300447338002800480500024800508590002600756600006300782650001300845651006300858700005900921910004200980942001401022952022701036999001701263000033120DO-SdBNP20260415174539.0ta101014s1981 dr ac r 001 0bspa d aDO-SdBNPbspacBNPHUerda aspa 4a923.57293bF363c 198122200aCoronel Fernández Domínguez :bfundador del movimiento militar constitucionalista /cdatos y testimonios recopilados por, Arlette Fernández. aSegunda edición aSanto Domingo :bEditora Cosmos,c1981. a340 páginas :bilustraciones, retratos ;c20 cm. atextobtxt2rdacontent asin mediaciónbn2rdamedia avolumenbnc2rdacarrier a"Testimonios ofrecidos por : Profesor Juan Bosch, Dr. Rafael Molina Ureña, Manuel del Cabral, José Azcárate, Ex-teniente coronel Rafael Quiroz Pérez, Manuel de Jesús Rojas Fernández (Cucho), Ex-capitán Lorenzo Sención Silverio" aInventariado, 2025/BT14aFernández Domínguez, Rafael Tomás,d1934-1965919048 0a 912155 4aRepública DominicanaxHistoriayRevolución, 1965921671 aFernández, Arlette,d1937-ecompilador4comp.936068 aValidado. Control de calidad. MMOLINA 2ddccLBS1 00102ddc51708PDaBNPHUbBNPHUcHDd2011-08-17eDonaciónl0oBNPHU PD 923.57293 F363c 1981p33120-10r2020-06-25w2020-06-25yLBS1zPerteneció a la biblioteca personal de Juan Isidro Jimenes Grullón.ZNo se presta c32611d32611